Introduction to logic / (Record no. 3801)

MARC details
000 -LEADER
fixed length control field 00547cam a2200181 a 4500
020 ## - INTERNATIONAL STANDARD BOOK NUMBER
ISBN 0130337358 (student)
020 ## - INTERNATIONAL STANDARD BOOK NUMBER
ISBN 0130968692 (professional)
050 00 - CALL NUMBER
Classification number BC108
Item number .C69 2002
100 1# - AUTHOR
Personal name Copi, Irving M.
245 10 - TITLE
Title Introduction to logic /
Statement of responsibility, etc Irving M. Copi, Carl Cohen.
250 ## - EDITION
Edition statement 11th ed.
260 ## - PUBLICATION INFORMATION
Place of publication Upper Saddle River, N.J. :
Name of publisher Prentice Hall,
Year of publication c2002.
300 ## - DESCRIPTION
Number of Pages xxi, 647 p. :
Other physical details ill. (some col.) ;
Dimensions 25 cm.
505 ## - FORMATTED CONTENTS NOTE
Table of Content reasoning<br/>Language<br/>Deduction<br/>Induction<br/>
650 #0 - SUBJECTS
Topical Term Logic.
700 1# - OTHER AUTHORS
Personal name Cohen, Carl,
942 ## - ADDED ENTRY ELEMENTS (KOHA)
Koha item type Books
Holdings
Withdrawn status Lost status Collection code Home library Current library Shelving location Date acquired Full call number Accession Number Koha item type
    Reference Methodist University Library Main Methodist University Library Main General Stacks 31/01/2003 BC108 .C69 2002 16653 Books
    Reference Methodist University Library Main Methodist University Library Main General Stacks 31/01/2003 BC108 .C69 2002 16652 Books
Copyright © 2026  MUG Library